Cosmetic Acupuncture: (Record no. 4532)

MARC details
000 -LEADER
fixed length control field 01029cam a22003374a 4500
001 - CONTROL NUMBER
control field 15499344
003 - CONTROL NUMBER IDENTIFIER
control field OSt
005 - DATE AND TIME OF LATEST TRANSACTION
control field 20170217183523.0
008 - FIXED-LENGTH DATA ELEMENTS--GENERAL INFORMATION
fixed length control field 081023s2009 stka b 001 0 eng
010 ## - LIBRARY OF CONGRESS CONTROL NUMBER
LC control number 2008046607
015 ## - NATIONAL BIBLIOGRAPHY NUMBER
National bibliography number GBA8A0562
Source bnb
016 7# - NATIONAL BIBLIOGRAPHIC AGENCY CONTROL NUMBER
Record control number 101487431
Source DNLM
016 7# - NATIONAL BIBLIOGRAPHIC AGENCY CONTROL NUMBER
Record control number 014696954
Source Uk
020 ## - INTERNATIONAL STANDARD BOOK NUMBER
International Standard Book Number 9780443069543
020 ## - INTERNATIONAL STANDARD BOOK NUMBER
International Standard Book Number 0443069549
035 ## - SYSTEM CONTROL NUMBER
System control number (OCoLC)ocn265657094
035 ## - SYSTEM CONTROL NUMBER
System control number (OCoLC)265657094
040 ## - CATALOGING SOURCE
Original cataloging agency DNLM/DLC
Transcribing agency DLC
Modifying agency NLM
042 ## - AUTHENTICATION CODE
Authentication code pcc
082 00 - DEWEY DECIMAL CLASSIFICATION NUMBER
Classification number WA744
Item number T329c 2009
100 1# - MAIN ENTRY--PERSONAL NAME
Personal name Thambirajah, Radha.
9 (RLIN) 9718
245 10 - TITLE STATEMENT
Title Cosmetic Acupuncture:
Remainder of title a traditional Chinese medicine approach to cosmetic and dermatological problems
260 ## - PUBLICATION, DISTRIBUTION, ETC. (IMPRINT)
Place of publication, distribution, etc. Edinburgh ;
Name of publisher, distributor, etc. Churchill Livingstone,
Date of publication, distribution, etc. 2009.
300 ## - PHYSICAL DESCRIPTION
Extent xi, 193 p. :
Other physical details col.ill ;
Dimensions 25 cm.
504 ## - BIBLIOGRAPHY, ETC. NOTE
Bibliography, etc Includes bibliographical references and index.
650 #0 - SUBJECT ADDED ENTRY--TOPICAL TERM
Topical term or geographic name as entry element Herbal medicine
9 (RLIN) 9719
650 #0 - SUBJECT ADDED ENTRY--TOPICAL TERM
Topical term or geographic name as entry element cosmetics
9 (RLIN) 9721
650 #0 - SUBJECT ADDED ENTRY--TOPICAL TERM
Topical term or geographic name as entry element Dermatology
9 (RLIN) 502
906 ## - LOCAL DATA ELEMENT F, LDF (RLIN)
a 7
b cbc
c orignew
d 1
e ecip
f 20
g y-gencatlg
942 ## - ADDED ENTRY ELEMENTS (KOHA)
Source of classification or shelving scheme Other/Generic Classification Scheme
Koha item type Open Shelf
Holdings
Withdrawn status Lost status Source of classification or shelving scheme Damaged status Not for loan Home library Current library Date acquired Source of acquisition Inventory number Total Checkouts Full call number Barcode Date last seen Price effective from Koha item type
    Other/Generic Classification Scheme     MUST Main Library MUST Main Library 28/06/2016   2011/34989   WA 744 T329c 2009 2016-2831 28/06/2016 28/06/2016 Open Shelf
    Other/Generic Classification Scheme     MUST Main Library MUST Main Library 13/07/2016   2011/34988   WA 744 T329c 2009 2016-3126 13/07/2016 13/07/2016 Open Shelf